Entry Toplantı Adı
001 - KONTROL NUMARASI
- Kontrol alanı: 40690
003 - KONTROL NUMARASI KİMLİĞİ
- Kontrol alanı: TR-BiSEU
005 - SON İŞLEM TARİHİ VE ZAMANI
- Kontrol alanı: 20260207002143.0
008 - SABİT UZUNLUKTAKİ VERİ ÖGELERİ - GENEL BİLGİ
- Sabit uzunlukta kontrol alanı: 260207|| aca||aabn | a|a d
040 ## - KATALOGLAMA KAYNAĞI
- Özgün kataloglama kurumu: TR-BiSEU
- Çeviri kurumu: TR-BiSEU
111 ## - KONU BAŞLIKLARI - TOPLANTI ADI
- Toplantı adı: Tarih Boyunca Türklerin Ermeni Toplumu ile İilişkileri (1984 : Erzurum)
670 ## - BİLGİNİN KAYNAĞI
- Bilginin alındığı kaynak: KOHA: (TR-BiSEU)17472: Tarih Boyunca Türklerin Ermeni Toplumu ile İilişkileri (1984 : Erzurum), Tarih Boyunca Türklerin Ermeni toplumu ile ilişkileri, 8-12 Ekim 1984 Erzurum.
